[Event "Grenzturnering Gruppe 2 2014-15"]
[Site "Leck"]
[Date "2015.02.24"]
[Round "5"]
[White "Sorensen, Helge"]
[Black "Madsen, Nis H"]
[Result "1-0"]
[WhiteElo "1636"]
[BlackElo "1472"]
[PlyCount "57"]
[EventDate "2014.??.??"]

1. e4 e5 2. Nc3 Nc6 3. f4 Bc5 4. Nf3 d6 5. Bb5 Bg4 6. d3 Nf6 7. Qe2 O-O 8. Bxc6
bxc6 9. Be3 Bb4 10. O-O Bxc3 11. bxc3 exf4 12. Bxf4 Re8 13. h3 Bxf3 14. Qxf3 h6
15. Bxh6 Re6 16. Bg5 Qd7 17. Qg3 Nh5 18. Qh4 g6 19. g4 Ng7 20. Bf6 Qe8 21. Rab1
Rb8 22. Rxb8 Qxb8 23. Qh6 Qf8 24. g5 d5 25. Rb1 Re8 26. e5 a6 27. Rb4 Qc5+ 28.
Rd4 Qf8 29. Rh4 1-0

[Event "Grenzturnering Gruppe 2 2014-15"]
[Site "Leck"]
[Date "2015.02.24"]
[Round "5"]
[White "Svendsen, Gunnar"]
[Black "Heremic, Adis"]
[Result "1-0"]
[WhiteElo "1552"]
[BlackElo "1000"]
[PlyCount "109"]
[EventDate "2014.??.??"]

1. c4 Nf6 2. d4 g6 3. Nc3 Bg7 4. Nf3 d6 5. e3 O-O 6. Bd3 Bd7 7. b4 e6 8. O-O
Nc6 9. Rb1 a5 10. b5 Nb4 11. Be2 c6 12. a3 c5 13. axb4 axb4 14. Na4 Ne4 15. Bb2
e5 16. dxe5 Bg4 17. exd6 Qxd6 18. Qxd6 Nxd6 19. Nxc5 Ra2 20. Bxg7 Kxg7 21. Bd3
Bxf3 22. gxf3 Rc8 23. Ne4 Nxe4 24. fxe4 Rd2 25. Rfd1 Rxd1+ 26. Rxd1 Ra8 27. Rb1
Ra4 28. Bc2 Ra2 29. Bd1 Rd2 30. Kf1 Rd6 31. Ke2 g5 32. Rxb4 Rh6 33. c5 Rxh2 34.
c6 bxc6 35. bxc6 Rh6 36. Rc4 Rxc6 37. Rxc6 f6 38. Kf1 Kg6 39. e5 Kf7 40. Rxf6+
Ke7 41. Rh6 Kf7 42. Rxh7+ Ke6 43. f4 gxf4 44. exf4 Kf5 45. Rh4 Ke6 46. Bg4+ Kf7
47. f5 Kg7 48. Bh3 Kg8 49. Rf4 Kf8 50. f6 Kf7 51. e6+ Kf8 52. f7 Kg7 53. f8=Q+
Kg6 54. Rg4+ Kh7 55. Qg8+ 1-0

[Event "Grenzturnering Gruppe 2 2014-15"]
[Site "Tonder"]
[Date "2015.03.23"]
[Round "6"]
[White "Heremic, Adis"]
[Black "Moller, Carl Vincent"]
[Result "1-0"]
[WhiteElo "1000"]
[BlackElo "1043"]
[PlyCount "123"]
[EventDate "2014.??.??"]

1. e4 d5 2. exd5 Qxd5 3. Nc3 Qd8 4. Nf3 g6 5. b3 Bg7 6. Bb2 Nf6 7. d3 c6 8. Be2
Nbd7 9. O-O O-O 10. Re1 e6 11. Rb1 Re8 12. Ne4 Nxe4 13. dxe4 e5 14. Bc4 a6 15.
Qd6 Qe7 16. Qxe7 Rxe7 17. Ba3 Re8 18. Bd6 b5 19. Be2 Bh6 20. Ba3 Nf6 21. Bd1
Bf4 22. g3 Bh6 23. Bb2 Ng4 24. h3 Nf6 25. g4 Bf4 26. Bc1 Bxc1 27. Rxc1 a5 28.
c4 b4 29. Rc2 Rd8 30. Rd2 Nd7 31. Nxe5 Bb7 32. Rxd7 Rxd7 33. Nxd7 Rd8 34. Nc5
Bc8 35. Na4 Rd2 36. Bf3 Rxa2 37. Rd1 Ra3 38. Rd8+ Kg7 39. Rxc8 Rxb3 40. Bg2 Ra3
41. Nc5 Ra1+ 42. Bf1 Rc1 43. Rxc6 Rc3 44. Bg2 Rxc4 45. Ne6+ fxe6 46. Rxc4 Kf6
47. e5+ Kxe5 48. Rc5+ Kf6 49. Rxa5 b3 50. g5+ Ke7 51. Rb5 Kd6 52. Rxb3 e5 53.
Rd3+ Ke6 54. Bd5+ Kf5 55. Kg2 Kxg5 56. Rf3 h5 57. h4+ Kxh4 58. Rg3 g5 59. Re3
g4 60. Rxe5 g3 61. Bf3 gxf2 62. Rxh5# 1-0

[Event "Grenzturnering Gruppe 2 2014-15"]
[Site "Tonder"]
[Date "2015.03.23"]
[Round "6"]
[White "Jensen, Jens Peter"]
[Black "Svendsen, Gunnar"]
[Result "1/2-1/2"]
[WhiteElo "1297"]
[BlackElo "1552"]
[PlyCount "57"]
[EventDate "2014.??.??"]

1. e4 c6 2. Bc4 d5 3. exd5 cxd5 4. Bb3 Bf5 5. Nc3 e6 6. a3 Nf6 7. Nf3 Be7 8.
Nd4 Bg6 9. O-O O-O 10. Qe1 Kh8 11. d3 Nc6 12. Nxc6 bxc6 13. Bg5 h6 14. Bxf6
Bxf6 15. Rb1 Rb8 16. Qd2 Qc7 17. Ne2 e5 18. d4 Rxb3 19. cxb3 Bxb1 20. Rxb1 e4
21. Qb4 Rb8 22. Qc3 Qb6 23. b4 Rc8 24. Qh3 Rc7 25. Qg3 Rd7 26. Qg4 Rc7 27. Qf4
Rd7 28. Qf5 Rc7 29. Qf4 1/2-1/2

[Event "Grenzturnering Gruppe 2 2014-15"]
[Site "Tonder"]
[Date "2015.03.23"]
[Round "6"]
[White "Jensen, Scot Wolfgang"]
[Black "Eis, Harald"]
[Result "0-1"]
[WhiteElo "1484"]
[BlackElo "1757"]
[PlyCount "168"]
[EventDate "2014.??.??"]

1. e4 b6 2. Nc3 Bb7 3. Bc4 g6 4. f3 Bg7 5. d4 d6 6. Be3 Nf6 7. Nh3 O-O 8. Qd2
e6 9. Bh6 d5 10. Bxg7 Kxg7 11. Bb3 dxe4 12. fxe4 Nxe4 13. Nxe4 Bxe4 14. O-O-O
Bd5 15. c4 Bb7 16. Rhe1 Qh4 17. Re3 Qh6 18. g4 Kg8 19. g5 Qg7 20. d5 exd5 21.
cxd5 Nd7 22. Re7 Rad8 23. Qf4 Nc5 24. Qf6 Nxb3+ 25. axb3 Qxf6 26. gxf6 Rxd5 27.
Rxd5 Bxd5 28. Rxc7 Bxb3 29. Rxa7 Rd8 30. Nf2 h6 31. Ra3 Rc8+ 32. Kb1 Be6 33.
Rc3 Kf8 34. Kc2 Bf5+ 35. Kb3 Rxc3+ 36. bxc3 Ke8 37. Kb4 Bd7 38. Ne4 g5 39. Kc4
Kd8 40. Kd4 Kc7 41. Ke5 Be6 42. Nd6 Kc6 43. Ne4 Bd5 44. Nd6 Be6 45. Ne4 b5 46.
Ng3 Kc5 47. Ne2 h5 48. Nd4 Bc4 49. Kf5 b4 50. Kxg5 bxc3 51. Nc2 Be2 52. Kh6 Bd1
53. Ne1 Kd5 54. Nd3 c2 55. Nc1 Ke6 56. Kg7 h4 57. Nd3 Bf3 58. Nf4+ Kf5 59. Nd3
Bh5 60. Nc1 Kg4 61. Kh6 Bg6 62. Nb3 Kh3 63. Kg5 Kxh2 64. Kxh4 Kg2 65. Kg4 Kf2
66. Kf4 Ke2 67. Ke5 Kd1 68. Kf4 c1=Q+ 69. Nxc1 Kxc1 70. Ke5 Kd2 71. Kd4 Bh5 72.
Ke5 Kd3 73. Kf4 Kd4 74. Kf5 Kd5 75. Kg5 Bg6 76. Kf4 Ke6 77. Kg4 Kxf6 78. Kf4
Bh5 79. Kg3 Kg5 80. Kf2 Kg4 81. Kg2 f5 82. Kf2 f4 83. Kg2 Be8 84. Kg1 Bb5 0-1

[Event "Grenzturnering Gruppe 2 2014-15"]
[Site "Tonder"]
[Date "2015.03.20"]
[Round "6"]
[White "Kristensen, Karl Martin"]
[Black "Schmidt, Holger"]
[Result "1-0"]
[WhiteElo "1650"]
[BlackElo "1396"]
[PlyCount "103"]
[EventDate "2014.??.??"]

1. c4 c5 2. Nc3 e6 3. e4 Nc6 4. Nf3 Nf6 5. d3 d6 6. h3 Be7 7. g4 b6 8. Bg2 Qd7
9. Be3 Bb7 10. d4 cxd4 11. Nxd4 h6 12. Qa4 O-O 13. O-O Rfc8 14. Nde2 Bd8 15. f4
Na5 16. Qxd7 Nxd7 17. b3 Bf6 18. Rad1 Be7 19. Nb5 Bc6 20. Nxd6 Rd8 21. e5 Bxg2
22. Kxg2 Rab8 23. Nd4 Bxd6 24. exd6 Nf6 25. Nb5 Rd7 26. Rf2 Rc8 27. Rc2 Rc6 28.
c5 Nb7 29. Nxa7 Rxc5 30. Bxc5 bxc5 31. Rc4 Nd5 32. Kf3 Rxd6 33. a4 Rd7 34. Nb5
Rd8 35. Rd3 Kf8 36. Nc3 Ke7 37. Nxd5+ exd5 38. Rc1 Rd6 39. a5 Nxa5 40. Rxc5 Nb7
41. Rcxd5 Ke6 42. Rxd6+ Nxd6 43. h4 g6 44. b4 f6 45. Rd4 Nb5 46. Rd8 Nd6 47.
Ke3 Ke7 48. Rb8 f5 49. g5 hxg5 50. hxg5 Kd7 51. Kd4 Nc8 52. Rxc8 1-0

[Event "Grenzturnering Gruppe 2 2014-15"]
[Site "Tonder"]
[Date "2015.03.23"]
[Round "6"]
[White "Madsen, Nis H"]
[Black "Maas, Ralf"]
[Result "1-0"]
[WhiteElo "1472"]
[BlackElo "1193"]
[PlyCount "79"]
[EventDate "2014.??.??"]

1. d4 d5 2. Nc3 Bf5 3. Bf4 Nf6 4. Nf3 e6 5. e3 Bd6 6. Bd3 Bxd3 7. Bxd6 Qxd6 8.
Qxd3 Nc6 9. a3 a6 10. e4 dxe4 11. Nxe4 Nxe4 12. Qxe4 O-O 13. O-O Rad8 14. c3 b5
15. Ng5 g6 16. Qh4 h5 17. Ne4 Qe7 18. Qf4 Kg7 19. Rfe1 Nb8 20. a4 Nd7 21. axb5
Nf6 22. Nxf6 Qxf6 23. Qxc7 axb5 24. Qe5 Rd5 25. Qc7 Qd8 26. Qb7 Qb8 27. Ra7
Qxb7 28. Rxb7 Ra8 29. g3 Kf8 30. f4 Ra2 31. Re2 Ra4 32. Rd2 Ke8 33. Kf2 Ra5 34.
Rc2 Ra4 35. b3 Ra3 36. b4 Kf8 37. Rc7 Ke8 38. h3 Rd7 39. Rc5 Kd8 40. Rxb5 1-0

[Event "Grenzturnering Gruppe 2 2014-15"]
[Site "Tonder"]
[Date "2015.03.23"]
[Round "6"]
[White "Sorensen, Helge"]
[Black "Lauritzen, Vagn"]
[Result "0-1"]
[WhiteElo "1636"]
[BlackElo "1574"]
[PlyCount "48"]
[EventDate "2014.??.??"]

1. e4 e6 2. d4 d5 3. exd5 exd5 4. Nf3 Nf6 5. Bd3 Be7 6. O-O O-O 7. Bf4 Nc6 8.
h3 a6 9. a4 Nb4 10. Nc3 b6 11. Ne5 c5 12. Be2 Bf5 13. Nd3 cxd4 14. Nxb4 dxc3
15. Nxa6 cxb2 16. Ra2 Ne4 17. Qd4 Bf6 18. Be5 Bxe5 19. Qxe5 Nd2 20. Rxb2 Nxf1
21. Qxf5 Nd2 22. Rb5 Qe7 23. Bd3 g6 24. Qxd5 Rxa6 0-1

[Event "Grenzturnering Gruppe 2 2014-15"]
[Site "Tonder"]
[Date "2015.04.27"]
[Round "7"]
[White "Bucka Lassen, Edlef"]
[Black "Svendsen, Gunnar"]
[Result "1-0"]
[WhiteElo "1230"]
[BlackElo "1552"]
[PlyCount "59"]
[EventDate "2014.??.??"]

1. e4 c6 2. Nf3 d5 3. exd5 cxd5 4. d4 a6 5. Be2 Bf5 6. O-O h6 7. Be3 Nf6 8.
Nbd2 e6 9. c4 dxc4 10. Nxc4 b5 11. Nce5 Be7 12. Qd2 Ne4 13. Qc1 Qd6 14. Qc8+
Bd8 15. Nxf7 Kxf7 16. Qb7+ Kg8 17. Qxa8 Kh7 18. Qb7 Nf6 19. Ne5 Bc7 20. g3 Be4
21. Nf7 Bxb7 22. Nxd6 Bxd6 23. Rac1 Rc8 24. Rxc8 Bxc8 25. Bf3 Nd5 26. Rc1 Bd7
27. Bd2 Nc6 28. Be3 Ncb4 29. a3 Nd3 30. Be4+ 1-0

[Event "Grenzturnering Gruppe 2 2014-15"]
[Site "Tonder"]
[Date "2015.04.27"]
[Round "7"]
[White "Heremic, Adis"]
[Black "Sorensen, Helge"]
[Result "0-1"]
[WhiteElo "1000"]
[BlackElo "1636"]
[PlyCount "56"]
[EventDate "2014.??.??"]

1. d4 Nf6 2. c4 e6 3. Nf3 d5 4. cxd5 exd5 5. g3 Bd6 6. Bg2 O-O 7. O-O Bg4 8.
Nc3 c6 9. h3 Bf5 10. Bd2 Nbd7 11. Qc1 Re8 12. g4 Be6 13. Bf4 Qc7 14. Bxd6 Qxd6
15. Ng5 Nf8 16. Nxe6 Rxe6 17. e3 Ng6 18. Ne2 Rae8 19. Qc5 Qb8 20. Ng3 Nh4 21.
Qc2 Ne4 22. Nxe4 dxe4 23. Qe2 Rh6 24. g5 Nf3+ 25. Bxf3 Rxh3 26. Rfc1 Qh2+ 27.
Kf1 exf3 28. Qe1 Qh1# 0-1

[Event "Grenzturnering Gruppe 2 2014-15"]
[Site "Tonder"]
[Date "2015.04.24"]
[Round "7"]
[White "Jensen, Jens Peter"]
[Black "Kristensen, Karl Martin"]
[Result "1-0"]
[WhiteElo "1297"]
[BlackElo "1650"]
[PlyCount "83"]
[EventDate "2014.??.??"]

1. e4 e5 2. Bc4 Nf6 3. d3 Bc5 4. Nf3 O-O 5. Nxe5 d5 6. exd5 Re8 7. Bf4 Bd4 8.
Qe2 Qd6 9. c3 Bxe5 10. Be3 b5 11. Bxb5 Qxd5 12. Bxe8 Qxg2 13. Bxf7+ Kxf7 14.
Qf1 Qf3 15. Nd2 Qh5 16. f3 Nc6 17. O-O-O a5 18. f4 Bd6 19. Nc4 Be6 20. Nxd6+
cxd6 21. Kb1 a4 22. Bd4 Rb8 23. Bxf6 Kxf6 24. Qf2 Kf7 25. Rhf1 Kg8 26. Rg1 Qf7
27. c4 d5 28. Qc5 Qf6 29. Rg2 Bf7 30. Rdg1 g6 31. h4 Nb4 32. Qc7 Rb6 33. c5 Rb5
34. h5 Nxd3 35. b3 Kg7 36. Qd6 Qf5 37. Ka1 Rxc5 38. Rh1 Rc1+ 39. Rxc1 Nxc1 40.
h6+ Kxh6 41. Qf8+ Kh5 42. Rg5+ 1-0

[Event "Grenzturnering Gruppe 2 2014-15"]
[Site "Tonder"]
[Date "2015.04.27"]
[Round "7"]
[White "Lauritzen, Vagn"]
[Black "Eis, Harald"]
[Result "0-1"]
[WhiteElo "1574"]
[BlackElo "1757"]
[PlyCount "76"]
[EventDate "2014.??.??"]

1. e4 b6 2. d4 Bb7 3. Nc3 e6 4. a3 Nf6 5. Bd3 d6 6. Nf3 g6 7. Bg5 Be7 8. h3
Nbd7 9. O-O Nh5 10. Bh6 Bf6 11. Nh2 Bg5 12. Bxg5 Qxg5 13. Nf3 Qd8 14. Re1 O-O
15. Qd2 e5 16. d5 a6 17. Nd1 Qf6 18. Qh6 Bc8 19. Ne3 Nc5 20. Ng4 Qg7 21. Qe3
Nf4 22. Bf1 f5 23. exf5 Bxf5 24. g3 Nxd5 25. Bc4 Be6 26. Qd2 Ne7 27. Qe2 h5 28.
Ne3 Qf6 29. b4 Qxf3 30. bxc5 Qxe2 31. Bxe6+ Kg7 32. Rxe2 bxc5 33. Nd5 Nxd5 34.
Bxd5 Rab8 35. Re4 Rb6 36. Ra4 c6 37. Bc4 Ra8 38. Rd1 d5 0-1

[Event "Grenzturnering Gruppe 2 2014-15"]
[Site "Tonder"]
[Date "2015.04.27"]
[Round "7"]
[White "Moller, Carl Vincent"]
[Black "Maas, Ralf"]
[Result "0-1"]
[WhiteElo "1043"]
[BlackElo "1193"]
[PlyCount "68"]
[EventDate "2014.??.??"]

1. d4 d5 2. g3 g6 3. Nf3 Nf6 4. Bg2 Bg7 5. O-O O-O 6. Bf4 c6 7. Nbd2 Bf5 8. Nb3
Nh5 9. Qd2 Nxf4 10. Qxf4 Bxc2 11. Nc5 Nd7 12. Rac1 Bf5 13. Nh4 Nxc5 14. Rxc5
Qd7 15. g4 Bxg4 16. Bf3 Bxf3 17. Nxf3 Rfe8 18. Ng5 f6 19. Nf3 e5 20. Qh4 exd4
21. Nxd4 Re4 22. Qg3 Rxd4 23. Rc3 Rg4 24. Re3 Rxg3+ 25. fxg3 f5 26. b3 Bd4 27.
Rff3 Bxe3+ 28. Rxe3 Re8 29. Rf3 Rxe2 30. a4 Qg7 31. Rf1 Qb2 32. a5 Rg2+ 33. Kh1
Rxh2+ 34. Kg1 Qg2# 0-1